Liedtext - Sauerland - Zoff - Statistiken

Allgemein
  • Dieses Quiz wurde 116 mal gespielt
  • Das Durchschnittsergebnis liegt bei 128 aus 217
Antwortstatistiken
Textquiz % Korrekt
mein
97%
Sau
97%
Sauerland
97%
da
96%
für
94%
Herz
94%
schlägt
94%
er
92%
das
91%
die
85%
wo
79%
der
74%
Lennestrand
73%
Ein
72%
ein
72%
Kühe
72%
am
71%
noch
71%
sind
71%
als
69%
im
65%
Mädchen
65%
schön
65%
mal
64%
in
63%
In
63%
ist
63%
mich
63%
Schmallenberg
60%
und
60%
keine
59%
nach
59%
Winterberg
59%
auf
58%
ganz
58%
Zwerg
58%
Bauer
56%
dass
56%
Palmen
56%
Gartenzwerg
55%
Misthaufen
55%
sich
55%
qualmen
54%
dem
53%
einen
51%
Hühner
51%
Stange
51%
wilde
51%
mehr
50%
Dach
49%
dunkel
49%
Fuchs
49%
weit
49%
hat
47%
Lennesand
47%
runter
47%
verlaufen
47%
von
47%
dachte
46%
Finnentrop
46%
munter
46%
stand
46%
viel
46%
zischen
46%
drüber
44%
lebt
44%
sitzen
44%
tobt
44%
wilder
44%
holt
42%
kommen
42%
Hühnerstall
41%
Jahr
41%
sein
41%
ihrer
40%
Tauben
40%
wird
38%
jedes
37%
Züschen
37%
geschossen
36%
Küntrop
36%
trotzdem
36%
Touristen
35%
vollen
35%
begrabt
33%
alle
32%
aus
32%
für`n
32%
Inzwischen
32%
man
32%
sie
32%
ging
31%
Krombach
29%
Warsteiner
28%
Feuerwehr
26%
Feier
24%
leer
24%
drauf
23%
fünf
23%
vergrabt
23%
einer
22%
ganze
22%
Stunden
22%
Bauern
21%
freut
21%
Kisten
21%
Kapelle
19%
machen
19%
verprügeln
19%
Baracke
18%
viele
18%
übt
15%
Radetzkimarsch
13%
Stachelau
13%
Kalberschnacke
10%
Hundesachsen
9%
gibt´s
6%
schon´s
3%
Keine übereinstimmenden Quizze gefunden
Verteilung der Resultate
Anzahl Personen mit jedem Resultat
Perzentil nach korrekt beantworteten Fragen
Ihre Resultats-Entwicklung
Sie haben dieses Quiz noch nicht gespielt